All Named Avatars - Statistics

General Stats
  • This quiz has been taken 12 times
  • The average score is 7 of 10
Answer Stats
Picture Answer % Correct
Aang
100%
Korra
100%
Kyoshi
83%
Kuruk
67%
Roku
67%
Szeto
67%
Wan
67%
Yangchen
67%
Gun
50%
Salai
50%
No matching quizzes found
Score Distribution
Percent of People with Each Score
Percentile by Number Answered
Your Score History
You have not taken this quiz